000 00444nam a2200157Ia 4500
008 240729s9999 xx 000 0 und d
022 _a2518-1548
245 0 _aJournal of Organic and Pharmaceutical Chemistry
260 _aUkraine
260 _bNational University of Pharmacy (Kharkiv)
650 _a Chemistry
650 _aScience
856 _uhttps://doaj.org/toc/d7fe30fe8a954115b1e53c7082a70c2e
942 _2ddc
942 _cDOAJEJ
999 _c74587
_d74587
945 _a1
_bMadushi Gamage
_c1
_dMadushi Gamage